|
|
|
|
| LEADER |
03373nam a2200553 4500 |
| 001 |
978-3-319-74033-1 |
| 003 |
DE-He213 |
| 005 |
20191025231529.0 |
| 007 |
cr nn 008mamaa |
| 008 |
180120s2018 gw | s |||| 0|eng d |
| 020 |
|
|
|a 9783319740331
|9 978-3-319-74033-1
|
| 024 |
7 |
|
|a 10.1007/978-3-319-74033-1
|2 doi
|
| 040 |
|
|
|d GrThAP
|
| 050 |
|
4 |
|a HB846-846.8
|
| 072 |
|
7 |
|a KCA
|2 bicssc
|
| 072 |
|
7 |
|a BUS069030
|2 bisacsh
|
| 072 |
|
7 |
|a KCA
|2 thema
|
| 082 |
0 |
4 |
|a 302.1
|2 23
|
| 100 |
1 |
|
|a Felsenthal, Dan S.
|e author.
|4 aut
|4 http://id.loc.gov/vocabulary/relators/aut
|
| 245 |
1 |
0 |
|a Voting Procedures for Electing a Single Candidate
|h [electronic resource] :
|b Proving Their (In)Vulnerability to Various Voting Paradoxes /
|c by Dan S. Felsenthal, Hannu Nurmi.
|
| 250 |
|
|
|a 1st ed. 2018.
|
| 264 |
|
1 |
|a Cham :
|b Springer International Publishing :
|b Imprint: Springer,
|c 2018.
|
| 300 |
|
|
|a XV, 134 p.
|b online resource.
|
| 336 |
|
|
|a text
|b txt
|2 rdacontent
|
| 337 |
|
|
|a computer
|b c
|2 rdamedia
|
| 338 |
|
|
|a online resource
|b cr
|2 rdacarrier
|
| 347 |
|
|
|a text file
|b PDF
|2 rda
|
| 490 |
1 |
|
|a SpringerBriefs in Economics,
|x 2191-5504
|
| 505 |
0 |
|
|a Introduction -- Voting Paradoxes -- Voting Procedures Designed to Elect a Single Candidate -- The (In)Vulnerability of Non-Ranked Voting Procedures to Various Paradoxes -- The (In)Vulnerability of Ranked Voting Procedures that are Not Condorcet-Consistent to Various Paradoxes -- The (In)Vulnerability of the Ranked Condorcet-Consistent Procedures to Various Paradoxes -- Summary.
|
| 520 |
|
|
|a This book deals with 18 voting procedures used or proposed for use in elections resulting in the choice of a single winner. These procedures are evaluated in terms of their ability to avoid paradoxical outcomes. Together with a companion volume by the same authors, Monotonicity Failures Afflicting Procedures for Electing a Single Candidate, published by Springer in 2017, this book aims at giving a comprehensive overview of the most important advantages and disadvantages of procedures thereby assisting decision makers in the choice of a voting procedure that would best suit their purposes.
|
| 650 |
|
0 |
|a Welfare economics.
|
| 650 |
|
0 |
|a Elections.
|
| 650 |
|
0 |
|a Political philosophy.
|
| 650 |
|
0 |
|a Economic theory.
|
| 650 |
|
0 |
|a Democracy.
|
| 650 |
1 |
4 |
|a Social Choice/Welfare Economics/Public Choice/Political Economy.
|0 http://scigraph.springernature.com/things/product-market-codes/W31020
|
| 650 |
2 |
4 |
|a Electoral Politics.
|0 http://scigraph.springernature.com/things/product-market-codes/911070
|
| 650 |
2 |
4 |
|a Political Philosophy.
|0 http://scigraph.springernature.com/things/product-market-codes/E37000
|
| 650 |
2 |
4 |
|a Economic Theory/Quantitative Economics/Mathematical Methods.
|0 http://scigraph.springernature.com/things/product-market-codes/W29000
|
| 650 |
2 |
4 |
|a Democracy.
|0 http://scigraph.springernature.com/things/product-market-codes/911050
|
| 700 |
1 |
|
|a Nurmi, Hannu.
|e author.
|4 aut
|4 http://id.loc.gov/vocabulary/relators/aut
|
| 710 |
2 |
|
|a SpringerLink (Online service)
|
| 773 |
0 |
|
|t Springer eBooks
|
| 776 |
0 |
8 |
|i Printed edition:
|z 9783319740324
|
| 776 |
0 |
8 |
|i Printed edition:
|z 9783319740348
|
| 830 |
|
0 |
|a SpringerBriefs in Economics,
|x 2191-5504
|
| 856 |
4 |
0 |
|u https://doi.org/10.1007/978-3-319-74033-1
|z Full Text via HEAL-Link
|
| 912 |
|
|
|a ZDB-2-ECF
|
| 950 |
|
|
|a Economics and Finance (Springer-41170)
|